Colombia Players Biggest Transfers - Statistics

General Stats
  • This quiz has been taken 63 times
  • The average score is 88 of 250
Answer Stats
Player From Joined % Correct
AM James Rodriguez 14/15 Monaco Real Madrid
100%
AM James Rodriguez 13/14 Porto Monaco
100%
AM James Rodriguez 17/18 Real Madrid Bayern Munich
100%
AM James Rodriguez 21/22 Everton Al-Rayyan
100%
AM James Rodriguez 10/11 Banfield Porto
100%
ST Radamel Falcao 13/14 Atletico Madrid Monaco
96%
ST Radamel Falcao 11/12 Porto Atletico Madrid
96%
ST Radamel Falcao 14/15 Monaco Manchester United
96%
ST Radamel Falcao 15/16 Monaco Chelsea
96%
ST Radamel Falcao 09/10 River Plate Porto
96%
LW Luis Diaz 21/22 Porto Liverpool
94%
LW Luis Diaz 19/20 Junior Porto
94%
CB Davinson Sanchez 17/18 Ajax Tottenham Hotspur
90%
CB Davinson Sanchez 23/24 Tottenham Hotspur Galatasaray
90%
CB Davinson Sanchez 16/17 Atletico Nacional Ajax
90%
RM Juan Cuadrado 14/15 Fiorentina Chelsea
90%
RM Juan Cuadrado 17/18 Chelsea Juventus
90%
RM Juan Cuadrado 13/14 Udinese Fiorentina
90%
RM Juan Cuadrado 16/17 Chelsea Juventus
90%
RM Juan Cuadrado 15/16 Chelsea Juventus
90%
CB Yerry Mina 18/19 Barcelona Everton
88%
CB Yerry Mina 17/18 Palmeiras Barcelona
88%
CB Yerry Mina 15/16 Independiente Santa Fe Palmeiras
88%
DM Carlos Sanchez 20/21 Elche Aston Villa
86%
DM Carlos Sanchez 17/18 Aston Villa Fiorentina
86%
ST Carlos Bacca 15/16 Sevilla Milan
82%
ST Carlos Bacca 13/14 Club Brugge Sevilla
82%
ST Carlos Bacca 18/19 Milan Villarreal
82%
ST Carlos Bacca 17/18 Milan Villarreal
82%
ST Jackson Martinez 15/16 Atletico Madrid Guangzhou Evergrande
82%
ST Jackson Martinez 15/16 Porto Atletico Madrid
82%
ST Jackson Martinez 12/13 Jaguares Porto
82%
ST Jackson Martinez 09/10 Independiente Medellin Jaguares
82%
LW Roger Martinez 18/19 Jiangsu Suning Villarreal
76%
LW Roger Martinez 16/17 Racing Club Jiangsu Suning
76%
LW Roger Martinez 18/19 Villarreal Club America
76%
ST Duvan Zapata 18/19 Napoli Sampdoria
74%
ST Duvan Zapata 18/19 Sampdoria Atalanta
74%
ST Duvan Zapata 19/20 Sampdoria Atalanta
74%
ST Duvan Zapata 13/14 Estudiantes Napoli
74%
CB Cristian Zapata 13/14 Villarreal Milan
72%
CB Cristian Zapata 11/12 Udinese Villarreal
72%
RW Emerson Rodriguez 21/22 Millonarios Inter Miami
72%
ST Luis Muriel 17/18 Sampdoria Sevilla
72%
ST Luis Muriel 19/20 Sevilla Atalanta
72%
ST Luis Muriel 15/16 Udinese Sampdoria
72%
DM Jefferson Lerma 18/19 Levante Bournemouth
64%
LW Luis Sinisterra 22/23 Feyenoord Leeds United
64%
LW Luis Sinisterra 18/19 Once Caldas Feyenoord
64%
RB Santiago Arias 18/19 PSV Atletico Madrid
62%
RB Santiago Arias 20/21 Atletico Madrid Bayer Leverkusen
62%
RB Santiago Arias 13/14 Sporting CP PSV
62%
GK David Ospina 14/15 Nice Arsenal
60%
GK David Ospina 19/20 Arsenal Napoli
60%
GK David Ospina 08/09 Atletico Nacional Nice
60%
CM Fredy Guarin 15/16 Inter Milan Shanghai Shenhua
60%
CM Fredy Guarin 12/13 Porto Inter Milan
60%
CB Ivan Cordoba 99/00 San Lorenzo Inter Milan
60%
GK Oscar Cordoba 03/04 Boca Juniors Besiktas
60%
ST Jhon Cordoba 21/22 Hertha Berlin Krasnodar
58%
ST Jhon Cordoba 17/18 Mainz Koln
58%
ST Jhon Cordoba 20/21 Koln Hertha Berlin
58%
ST Jhon Cordoba 16/17 Granada Mainz
58%
ST Jhon Cordoba 14/15 Chiapas Granada
58%
ST Adrian Ramos 17/18 Borussia Dortmund Chongqing Lifan
54%
ST Adrian Ramos 14/15 Hertha Berlin Borussia Dortmund
54%
ST Adrian Ramos 09/10 America de Cali Hertha Berlin
54%
AM Darwin Quintero 14/15 Santos Laguna Club America
52%
AM Darwin Quintero 08/09 Deportivo Pereira Santos Laguna
52%
AM Juan Fernando Quintero 13/14 Pescara Porto
52%
AM Juan Fernando Quintero 23/24 River Plate Shenzhen
52%
AM Juan Fernando Quintero 18/19 Porto River Plate
52%
AM Juan Fernando Quintero 13/14 Atletico Nacional Pescara
52%
ST Cucho Hernandez 22/23 Watford Columbus Crew
48%
ST Jhon Duran 22/23 Chicago Fire Aston Villa
46%
ST Jhon Duran 21/22 Envigado Chicago Fire
46%
LM Pablo Armero 13/14 Udinese Napoli
46%
RB Juan Camilo Zuniga 09/10 Siena Napoli
44%
DM Wilmar Barrios 18/19 Boca Juniors Zenit
44%
DM Wilmar Barrios 16/17 Deportes Tolima Boca Juniors
44%
CB Mario Yepes 04/05 Nantes Paris Saint-Germain
42%
CB Mario Yepes 01/02 River Plate Nantes
42%
RW Danilo Asprilla 15/16 Litex Lovech Al-Ain
40%
ST Faustino Asprilla 95/96 Parma Newcastle United
40%
ST Faustino Asprilla 98/99 Newcastle United Parma
40%
AM Yaser Asprilla 21/22 Envigado Watford
40%
CB Jeison Murillo 19/20 Valencia Sampdoria
38%
CB Jeison Murillo 18/19 Inter Milan Valencia
38%
CB Jeison Murillo 15/16 Granada Inter Milan
38%
ST Luis Suarez 22/23 Granada Marseille
38%
ST Luis Suarez 23/24 Marseille Almeria
38%
ST Luis Suarez 20/21 Watford Granada
38%
DM Mateus Uribe 19/20 Club America Porto
34%
DM Mateus Uribe 17/18 Atletico Nacional Club America
34%
AM Teofilo Gutierrez 13/14 Cruz Azul River Plate
34%
AM Teofilo Gutierrez 15/16 River Plate Sporting CP
34%
AM Teofilo Gutierrez 09/10 Junior Trabzonspor
34%
AM Teofilo Gutierrez 17/18 Sporting CP Junior
34%
LW Jose Izquierdo 17/18 Club Brugge Brighton & Hove Albion
32%
LW Jose Izquierdo 14/15 Once Caldas Club Brugge
32%
ST Juan Pablo Angel 00/01 River Plate Aston Villa
32%
ST Rafael Borre 15/16 Deportivo Cali Atletico Madrid
32%
ST Rafael Borre 17/18 Atletico Madrid River Plate
32%
LB Cristian Borja 18/19 Toluca Sporting CP
30%
LB Cristian Borja 20/21 Sporting CP Braga
30%
ST Miguel Borja 16/17 Atletico Nacional Palmeiras
30%
ST Miguel Borja 22/23 Junior River Plate
30%
ST Miguel Borja 21/22 Palmeiras Junior
30%
ST Miguel Borja 16/17 Cortulua Atletico Nacional
30%
ST Dayro Moreno 11/12 Once Caldas Tijuana
28%
ST Dayro Moreno 07/08 Once Caldas Steaua Bucharest
28%
AM Giovanni Moreno 12/13 Racing Club Shanghai Shenhua
28%
AM Giovanni Moreno 10/11 Atletico Nacional Racing Club
28%
LW Marlos Moreno 16/17 Atletico Nacional Manchester City
28%
RW Santiago Moreno 21/22 America de Cali Portland Timbers
28%
LB Yairo Moreno 18/19 Independiente Medellin Leon
28%
CB Alexis Perez 17/18 Junior Queretaro
26%
LB Johan Mojica 22/23 Elche Villarreal
26%
LB Johan Mojica 18/19 Rayo Vallecano Girona
26%
DM Seba Perez 16/17 Atletico Nacional Boca Juniors
26%
SS Victor Ibarbo 15/16 Cagliari Roma
26%
SS Victor Ibarbo 14/15 Cagliari Roma
26%
SS Victor Ibarbo 15/16 Roma Watford
26%
SS Victor Ibarbo 11/12 Atletico Nacional Cagliari
26%
ST Adolfo Valencia 93/94 Independiente Santa Fe Bayern Munich
24%
ST Adolfo Valencia 94/95 Bayern Munich Atletico Madrid
24%
CB Aquivaldo Mosquera 07/08 Pachuca Sevilla
24%
CB Aquivaldo Mosquera 09/10 Sevilla Club America
24%
RB Daniel Munoz 20/21 Atletico Nacional Genk
24%
GK Faryd Mondragon 02/03 Metz Galatasaray
24%
LW Henry Mosquera 22/23 Envigado RB Bragantino
24%
CB Jhon Lucumi 22/23 Genk Bologna
24%
CB Jhon Lucumi 18/19 Deportivo Cali Genk
24%
RB Juan David Mosquera 22/23 Independiente Medellin Portland Timbers
24%
CB Yerson Mosquera 21/22 Atletico Nacional Wolverhampton Wanderers
24%
RW Carlos Andres Gomez 22/23 Millonarios Real Salt Lake
22%
CM Freddy Rincon 95/96 Napoli Real Madrid
22%
ST Fredy Montero 15/16 Sporting CP Tianjin Teda
22%
CB Yeimar Gomez Andrade 19/20 Atletico Union Seattle Sounders
22%
DM Abel Aguilar 13/14 Hercules Toulouse
20%
CB Carlos Cuesta 19/20 Atletico Nacional Genk
20%
CM Diego Chara 10/11 Deportes Tolima Portland Timbers
20%
AM Edwin Cardona 14/15 Atletico Nacional Monterrey
20%
AM Edwin Cardona 21/22 Tijuana Racing Club
20%
AM Jorge Carrascal 23/24 CSKA Moscow Dynamo Moscow
20%
AM Jorge Carrascal 22/23 River Plate CSKA Moscow
20%
AM Jorge Carrascal 19/20 Karpaty Lviv River Plate
20%
AM Jorge Carrascal 18/19 Sevilla Karpaty Lviv
20%
RW Yimmi Chara 18/19 Junior Atletico Mineiro
20%
RW Yimmi Chara 17/18 Monterrey Junior
20%
RW Yimmi Chara 14/15 Deportes Tolima Monterrey
20%
RW Yimmi Chara 19/20 Atletico Mineiro Portland Timbers
20%
LW Deiber Caicedo 20/21 Deportivo Cali Vancouver Whitecaps
18%
CB Felipe Aguilar 18/19 Atletico Nacional Santos
18%
CB Felipe Aguilar 19/20 Santos Athletico Paranaense
18%
ST Cristian Arango 23/24 Pachuca Real Salt Lake
16%
ST Cristian Arango 22/23 Los Angeles Pachuca
16%
ST Cristian Arango 21/22 Millonarios Los Angeles
16%
ST Cristian Arango 17/18 Millonarios Benfica
16%
LB Deiver Machado 21/22 Toulouse Lens
16%
DM Eder Balanta 16/17 River Plate Basel
16%
DM Eder Balanta 19/20 Basel Club Brugge
16%
CM Gustavo Puerta 22/23 Bogota Bayer Leverkusen
16%
ST Hugo Rodallega 08/09 Necaxa Wigan Athletic
16%
ST Hugo Rodallega 08/09 Monterrey Necaxa
16%
ST Kerwin Vargas 21/22 Feirense Charlotte
16%
RW Paulo Arango 06/07 Envigado America de Cali
16%
LW Sebastian Villa 18/19 Deportes Tolima Boca Juniors
16%
CB Bernardo Espinosa 17/18 Middlesbrough Girona
14%
ST Brayan Perea 13/14 Deportivo Cali Lazio
14%
DM Dani Torres 16/17 Independiente Medellin Alaves
14%
ST Edixon Perea 05/06 Atletico Nacional Bordeaux
14%
ST Juan-Jose Perea 22/23 PAS Giannina Stuttgart
14%
DM Kevin Castano 23/24 Rionegro Aguilas Cruz Azul
14%
CB Luis Amaranto Perea 04/05 Boca Juniors Atletico Madrid
14%
AM Macnelly Torres 13/14 Atletico Nacional Al-Shabab
14%
AM Macnelly Torres 11/12 San Luis Atletico Nacional
14%
AM Macnelly Torres 11/12 Colo-Colo San Luis
14%
RW Oscar Cortes 23/24 Millonarios Lens
14%
ST Oscar Estupinan 17/18 Once Caldas Vitoria Guimaraes
14%
LW Duvan Vergara 21/22 America de Cali Monterrey
12%
DM Gustavo Cuellar 19/20 Flamengo Al-Hilal
12%
DM Gustavo Cuellar 15/16 Deportivo Cali Flamengo
12%
ST Harold Preciado 16/17 Deportivo Cali Shenzhen
12%
CB Jherson Vergara 13/14 Quindio Milan
12%
CM Jhon Solis 23/24 Atletico Nacional Girona
12%
LW Johan Carbonero 22/23 Gimnasia Racing Club
12%
LW Johan Carbonero 21/22 Once Caldas Gimnasia
12%
AM Mauricio Molina 10/11 Seongnam Ilhwa Chunma Seoul
12%
CM Nelson Palacio 23/24 Atletico Nacional Real Salt Lake
12%
RB Stefan Medina 14/15 Atletico Nacional Monterrey
12%
RW Diego Valoyes 23/24 Talleres Juarez
10%
RW Dorlan Pabon 13/14 Monterrey Valencia
10%
RW Dorlan Pabon 14/15 Valencia Monterrey
10%
RW Dorlan Pabon 13/14 Parma Monterrey
10%
RW Dorlan Pabon 12/13 Atletico Nacional Parma
10%
ST Edwin Congo 99/00 Once Caldas Real Madrid
10%
ST Hamilton Ricard 97/98 Deportivo Cali Middlesbrough
10%
AM Jaminton Campaz 21/22 Deportes Tolima Gremio
10%
DM Jhon Viafara 05/06 Once Caldas Portsmouth
10%
DM Jorman Campuzano 18/19 Atletico Nacional Boca Juniors
10%
CB Juan Cabal 22/23 Atletico Nacional Hellas Verona
10%
ST Mateo Cassierra 16/17 Deportivo Cali Ajax
10%
ST Mateo Cassierra 22/23 Sochi Zenit
10%
RW Orlando Berrio 16/17 Atletico Nacional Flamengo
10%
LW Alex Castro 19/20 Deportivo Cali Cruz Azul
8%
RW Aviles Hurtado 17/18 Tijuana Monterrey
8%
LB Darwin Andrade 15/16 Ujpest Standard Liege
8%
RW Felipe Pardo 15/16 Braga Olympiacos
8%
RB Luis Orejuela 17/18 Deportivo Cali Ajax
8%
RB Luis Orejuela 20/21 Cruzeiro Sao Paulo
8%
ST Mender Garcia 22/23 Once Caldas Minnesota United
8%
CB Nelson Rivas 07/08 River Plate Inter Milan
8%
CB Nelson Rivas 06/07 Deportivo Cali River Plate
8%
CB Pedro Franco 13/14 Millonarios Besiktas
8%
CB Willer Ditta 23/24 Newell's Old Boys Cruz Azul
8%
LW Andres Ibarguen 17/18 Atletico Nacional Racing Club
6%
LW Andres Ibarguen 17/18 Racing Club Club America
6%
LW Andres Ibarguen 15/16 Deportes Tolima Atletico Nacional
6%
ST Diber Cambindo 23/24 Independiente Medellin Cruz Azul
6%
ST Duvier Riascos 13/14 Tijuana Pachuca
6%
DM Guillermo Celis 16/17 Junior Benfica
6%
DM Guillermo Celis 17/18 Benfica Vitoria Guimaraes
6%
LB Hector Quinones 12/13 Junior Porto
6%
CB Jorge Bermudez 01/02 Boca Juniors Olympiacos
6%
AM Kevin Agudelo 22/23 Genoa Spezia
6%
AM Kevin Agudelo 23/24 Spezia Al-Nasr (UAE)
6%
AM Kevin Agudelo 19/20 Atletico Huila Genoa
6%
AM Nicolas Benedetti 18/19 Deportivo Cali Club America
6%
DM Victor Cantillo 19/20 Junior Corinthians
6%
ST Victor Montano 10/11 Montpellier Rennes
6%
DM Alexander Mejia 14/15 Atletico Nacional Monterrey
4%
CB Cesar Haydar 20/21 Junior RB Bragantino
4%
LW Dylan Borrero 21/22 Atletico Mineiro New England Revolution
4%
CM Eduard Atuesta 21/22 Los Angeles Palmeiras
4%
LW Fabian Castillo 16/17 Dallas Trabzonspor
4%
LW Fabian Castillo 18/19 Trabzonspor Tijuana
4%
LW Ivan Angulo 19/20 Envigado Palmeiras
4%
RW Juan Otero 21/22 Santos Laguna Club America
4%
RW Juan Otero 20/21 Amiens Santos Laguna
4%
RW Juan Otero 18/19 Estudiantes Amiens
4%
RW Juan Pablo Pino 10/11 Monaco Galatasaray
4%
RW Juan Pablo Pino 06/07 Independiente Medellin Monaco
4%
RW Mauricio Cuero 15/16 La Equidad Seguros Levante
4%
RW Mauricio Cuero 16/17 Levante Santos Laguna
4%
CM Andres Tello 18/19 Juventus Benevento
2%
CM Christian Rivera 19/20 Deportivo Cali Tijuana
2%
ST Mauro Manotas 20/21 Houston Dynamo Tijuana
2%
RW Ricardo Laborde 13/14 Anorthosis Famagusta Krasnodar
2%
RW Yamilson Rivera 14/15 America de Cali Leon
2%
No matching quizzes found
Score Distribution
Percent of People with Each Score
Percentile by Number Answered
Your Score History
You have not taken this quiz